000 00697cab a2200229 4500
001 WB3316-20
008 090401t1997 xxu||||| |||| 00| 0 eng d
035 _a(Sirsi) u77909
041 _aeng
245 _aRetirement home market revival
260 _c1997
350 _a0
490 _aFinancial Times
_v(Companies and Markets) 23 April 1997,1(1)
520 _aThe retirement home market is flourishing again according to developers McCarthy and Stone.
650 _aHOUSING DEVELOPMENT
650 _aMARKET
650 _aMCCARTHY AND STONE
650 _aRETIREMENT HOMES
690 _aPROPERTY-RESIDENTIAL PROPERTY-RESIDENTIAL PROPERTY MARKET
942 _n0
948 _c23/04/1997
999 _c48993
_d48993